000 01663nam a22003373a 4500
999 _c17684
_d17684
005 20200130130115.0
008 150818t2005 cu ||||fr|||| 00| 0 spa d
020 _a9592700699
040 _aCO-BoIAVH
_cCO-BoIAVH
041 0 _aspa
044 _acu
082 4 _a632.9606
_bM54m
100 1 _aMenéndez de San Pedro López, Juan Carlos
245 1 _aManual de inspección de seguridad biológica
_cJuan Carlos Menéndez de San Pedro López, Leyenis García López... [et. al.]
260 3 _aLa Habana (Cuba):
_bEditorial Academia,
_c2005.
300 _a368 p.
_bilustaciones, tablas.
_c28 cm
_efolleto con resolución No 103/2002
500 _aIncluye anexos (Páginas 155-368).
504 _aIncluye referencias bibliográficas (Páginas 149-154).
505 _aElementos generales de la bioseguridad. Base legal de las inspecciones. Sistema de inspección de seguridad biológica. Proceso y procedimientos de inspección. Herramientas para la inspección. Organización de la bioseguridad. Prácticas y procedimientos de laboratorio. Equipos de seguridad. Diseño y construcción de una instalación.
650 6 _aBioseguridad
_vManual
650 6 _aBioseguridad
_vManual
_xPracticas
650 6 _aBioseguridad
_vManual
_xProcedimientos
650 4 _aSeguridad biológica
_vManual
_xResolución No 103/2002
700 1 _aGarcía Santos, Leyenis
700 1 _aArce Hernández, Lenía
700 1 _aAgüero López, Beatriz
700 1 _aLópez Fumero, Gricel
700 1 _aRodríguez Dueñas, José
700 1 _aGandolff Dovo, Camilo
942 _2ddc
_cLIBRO